| 000 | 00693nam a2200217 a 4500 | ||
|---|---|---|---|
| 999 |
_c12580 _d12580 |
||
| 001 | 12580 | ||
| 003 | BD-JhCC | ||
| 005 | 20220914091802.0 | ||
| 008 | 220914s1997 bg |||| |||| 000 0 ben d | ||
| 020 | _a9847016600173 | ||
| 035 | _a(BD-JhCC)12580 | ||
| 040 |
_aBD-JhCC _dBD-JhCC |
||
| 041 | _abangal | ||
| 082 |
_a891.43 _bAHA 1997 |
||
| 100 | _aআহমেদ, হুমায়ূন | ||
| 245 |
_aঅপেক্ষা / _cহুমায়ূন আহমেদ |
||
| 260 |
_aঢাকা : _bআফসার ব্রাদার্স, _c১৯৯৭ |
||
| 300 |
_a২১৮ পৃ. : _c২৪ সেমি. |
||
| 650 | _aবাংলা উপন্যাস | ||
| 942 |
_2ddc _cBK |
||